The Drug and alcohol professional

Bibliographic Details
Format: Electronic Serial
Language:English
Published: Brighton : Pavilion, 2001-
Subjects:
Online Access:Full text available from Research Library: 12/01/2003 to 12/01/2003

MARC

LEADER 00000nas a2200000Ma 4500
001 ssj0033969
003 WaSeSS
005 20200512172242.0
006 m d
007 cr n
008 020704c20019999enkuu s 0 0eng d
022 |y 1475-0384 
035 |a (WaSeSS)ssj0033969 
040 |a EQO  |c EQO  |d WaSeSS 
245 0 4 |a The Drug and alcohol professional  |h [electronic resource]. 
260 |a Brighton :  |b Pavilion,  |c 2001- 
362 0 |a Vol. 1, issue 1 (Oct. 2001)- 
506 |a License restrictions may limit access. 
650 0 |a Drug abuse  |v Periodicals. 
650 0 |a Drug abuse  |x Treatment  |v Periodicals. 
650 0 |a Alcoholism  |v Periodicals. 
650 0 |a Alcoholism  |x Treatment  |v Periodicals. 
655 0 |a Electronic journals. 
856 4 0 |z Full text available from Research Library: 12/01/2003 to 12/01/2003  |u https://search.proquest.com/publication/28228